[Event "Brno Open 2021 - C FIDE open"]
[Site "Bobycentrum hotel, Brno"]
[Date "2021.11.23"]
[Round "4"]
[Board "10"]
[White "STANCIK, Jakub"]
[Black "BENES, Miroslav"]
[Result "1-0"]
[WhiteElo "2079"]
[BlackElo "1988"]
[PlyCount "141"]
[EventDate "2021.11.20"]
[EventRounds "9"]
[EventCountry "CZE"]

1. e4 c5 2. Nf3 Nc6 3. d4 cxd4 4. Nxd4 e5 5. Nb5 d6 6. c4 Be7 7. N1c3 a6 8. Na3
Be6 9. Be2 Bg5 10. O-O Bxc1 11. Rxc1 Nf6 12. Nc2 O-O 13. Qd2 Rc8 14. Rfd1 Ne8
15. Nd5 Kh8 16. b3 Qh4 17. Qe3 f5 18. exf5 Bxf5 19. Bd3 Be6 20. Be4 Bxd5 21.
Bxd5 Nf6 22. Bf3 Rcd8 23. Rd2 e4 24. Be2 Ne5 25. Qg3 Qh6 26. Rcd1 Nh5 27. Qh4
Nf4 28. Qxh6 gxh6 29. Bf1 Nfd3 30. Ne3 Rg8 31. Kh1 Rdf8 32. Bxd3 Nxd3 33. Kg1
Rg6 34. Nd5 Ne5 35. Re2 Rfg8 36. g3 Nf3+ 37. Kg2 Re8 38. Nc3 Ng5 39. h4 Nf3 40.
Rxe4 Rxe4 41. Nxe4 Nxh4+ 42. Kh3 Nf3 43. Rxd6 Ng5+ 44. Nxg5 Rxg5 45. Rxh6 Ra5
46. Rb6 Rxa2 47. f4 Rb2 48. Rxb7 a5 49. c5 Rc2 50. Rb5 Rc3 51. Rxa5 Rxb3 52.
Ra7 Rc3 53. Rc7 Kg8 54. Kh4 h5 55. Re7 Rxc5 56. Re5 Rc3 57. Rxh5 Kg7 58. Ra5
Kg6 59. Kg4 Rc6 60. Kh4 Kh6 61. g4 Kh7 62. f5 Rc7 63. Ra6 Rb7 64. Kh5 Kh8 65.
g5 Rc7 66. Re6 Kg8 67. f6 Rh7+ 68. Kg6 Rg7+ 69. Kf5 Ra7 70. Re8+ Kf7 71. Re7+
 1-0

[Event "Brno Open 2021 - C FIDE open"]
[Site "Bobycentrum hotel, Brno"]
[Date "2021.11.23"]
[Round "5"]
[Board "1"]
[White "BOKHNAK, Timofey"]
[Black "SVOBODOVA, Michaela"]
[Result "0-1"]
[WhiteElo "1855"]
[BlackElo "1934"]
[PlyCount "84"]
[EventDate "2021.11.20"]
[EventRounds "9"]
[EventCountry "CZE"]

1. e4 c5 2. c3 d5 3. exd5 Qxd5 4. d4 g6 5. Nf3 Bg7 6. Na3 cxd4 7. Nb5 Na6 8.
Nbxd4 Nf6 9. Bb5+ Bd7 10. Bxa6 bxa6 11. O-O O-O 12. Re1 Rfe8 13. Ne5 Bc8 14. c4
Qd6 15. Qf3 Rb8 16. Nb3 Bb7 17. Qe2 Ne4 18. Nf3 Qb4 19. Be3 a5 20. Bxa7 Rbc8
21. Rac1 a4 22. Nbd4 f5 23. b3 axb3 24. axb3 e5 25. Nc2 Qxb3 26. Ne3 Bc6 27.
Nd2 Qb7 28. Nxe4 Bxe4 29. Ra1 f4 30. f3 Bc6 31. Reb1 Qf7 32. Nd5 Bxd5 33. cxd5
Qxd5 34. Ra4 Ra8 35. Rb5 Qc6 36. Rba5 e4 37. fxe4 Qc1+ 38. Kf2 Rac8 39. Ra2 Re7
40. e5 Rec7 41. Rd2 Rxa7 42. Rd1 Qe3+  0-1

[Event "Brno Open 2021 - C FIDE open"]
[Site "Bobycentrum hotel, Brno"]
[Date "2021.11.23"]
[Round "5"]
[Board "2"]
[White "BARAK, David"]
[Black "MOSKVIN, Anatoly"]
[Result "1-0"]
[WhiteElo "2097"]
[BlackElo "2201"]
[PlyCount "93"]
[EventDate "2021.11.20"]
[EventRounds "9"]
[EventCountry "CZE"]

1. d4 d5 2. c4 e5 3. dxe5 d4 4. Nf3 Nc6 5. a3 f6 6. exf6 Nxf6 7. b4 Ne4 8. g3
g6 9. Bb2 Bg7 10. Qc1 O-O 11. Bg2 Be6 12. O-O Qd7 13. Nfd2 Ng5 14. Ne4 Nxe4 15.
Bxe4 Bh3 16. Re1 Rae8 17. Bd5+ Kh8 18. Nd2 Qf5 19. f3 Re3 20. Be4 Qd7 21. Qc2
Ne5 22. Rad1 Nf7 23. Nf1 Bxf1 24. Rxf1 Rd8 25. Rd3 Ng5 26. Bc1 Rxd3 27. exd3
Qe7 28. Bxb7 c5 29. Bd5 cxb4 30. axb4 Nf7 31. b5 Nd6 32. Be4 Qe6 33. Bf4 Be5
34. Bg5 Rc8 35. Qa4 Qh3 36. Qa2 h6 37. Bc1 Rc7 38. Qg2 Qe6 39. Re1 Bg7 40. Bd2
Nf5 41. Bxf5 Qxf5 42. Re8+ Kh7 43. Qe2 Rc8 44. Re7 Qc5 45. Qe4 Rg8 46. Qh4 h5
47. Qg5  1-0

[Event "Brno Open 2021 - C FIDE open"]
[Site "Bobycentrum hotel, Brno"]
[Date "2021.11.23"]
[Round "5"]
[Board "3"]
[White "THUESEN, Mogens"]
[Black "SHARON, Rafael"]
[Result "0-1"]
[WhiteElo "2188"]
[BlackElo "1810"]
[PlyCount "58"]
[EventDate "2021.11.20"]
[EventRounds "9"]
[EventCountry "CZE"]

1. f4 e5 2. fxe5 d6 3. exd6 Bxd6 4. Nf3 g5 5. g3 g4 6. Nh4 Ne7 7. d4 Ng6 8.
Nxg6 hxg6 9. Qd3 Nc6 10. c3 Qe7 11. Bg2 Bf5 12. e4 O-O-O 13. Nd2 Bc5 14. Nb3
Bb6 15. O-O Be6 16. Be3 Ne5 17. Qc2 Nc4 18. Bf2 Qg5 19. Rfe1 Qh5 20. Kf1 Qxh2
21. d5 Bd7 22. Bxb6 Bb5 23. Kf2 axb6 24. Nd4 Rh3 25. Nxb5 Rxg3 26. Rg1 Rf3+ 27.
Ke2 Re3+ 28. Kf1 Qf4+ 29. Qf2 Nd2#  0-1

[Event "Brno Open 2021 - C FIDE open"]
[Site "Bobycentrum hotel, Brno"]
[Date "2021.11.23"]
[Round "5"]
[Board "5"]
[White "JIRUSE, Josef"]
[Black "NEZVAL, Filip"]
[Result "0-1"]
[WhiteElo "1962"]
[BlackElo "2158"]
[PlyCount "80"]
[EventDate "2021.11.20"]
[EventRounds "9"]
[EventCountry "CZE"]

1. e4 e5 2. f4 d5 3. exd5 c6 4. dxc6 exf4 5. Nf3 Nxc6 6. Bb5 Bd6 7. d4 Nge7 8.
O-O O-O 9. c3 Bg4 10. Qa4 a6 11. Bxc6 Nxc6 12. Nbd2 b5 13. Qb3 Be6 14. Qd1 Bd5
15. b3 f5 16. Qc2 Rc8 17. Bb2 g5 18. c4 bxc4 19. bxc4 Na5 20. c5 Bc7 21. Rae1
g4 22. Ne5 Qh4 23. Qc3 Rf6 24. g3 fxg3 25. Qxg3 Qxg3+ 26. hxg3 Rcf8 27. Nd7 Rh6
28. Ne5 Rh3 29. Kf2 f4 30. gxf4 Rxf4+ 31. Ke2 Bxe5 32. dxe5 Rxf1 33. Nxf1 Nc4
34. Bd4 Kf7 35. Ne3 Rh2+ 36. Kd3 Nxe3 37. Bxe3 Ke6 38. a3 Ra2 39. Bc1 h5 40.
Re2 Bc4+  0-1

[Event "Brno Open 2021 - C FIDE open"]
[Site "Bobycentrum hotel, Brno"]
[Date "2021.11.23"]
[Round "5"]
[Board "6"]
[White "MORKUNAS, Gustas"]
[Black "TAJOVSKY, Matej"]
[Result "1/2-1/2"]
[WhiteElo "1907"]
[BlackElo "2113"]
[PlyCount "62"]
[EventDate "2021.11.20"]
[EventRounds "9"]
[EventCountry "CZE"]

1. e4 c5 2. Nf3 e6 3. d4 cxd4 4. Nxd4 a6 5. Nc3 Qc7 6. Bd3 Nf6 7. Be3 Be7 8.
O-O O-O 9. f4 d6 10. Qf3 Nbd7 11. Kh1 b5 12. a3 Bb7 13. Rae1 Nc5 14. g4 d5 15.
e5 Nfd7 16. g5 g6 17. h4 Nxd3 18. cxd3 Nc5 19. Bf2 Na4 20. Rc1 Qd7 21. Nxa4
bxa4 22. Kg2 Rfc8 23. h5 Rxc1 24. Rxc1 Rc8 25. Rxc8+ Qxc8 26. hxg6 hxg6 27. Qd1
Bc6 28. Qc2 Bd7 29. Qxc8+ Bxc8 30. Nc6 Kf8 31. Bb6 Bd7  1/2-1/2

[Event "Brno Open 2021 - C FIDE open"]
[Site "Bobycentrum hotel, Brno"]
[Date "2021.11.23"]
[Round "5"]
[Board "7"]
[White "BRUHN, Peter"]
[Black "STANCIK, Jakub"]
[Result "0-1"]
[WhiteElo "1876"]
[BlackElo "2079"]
[PlyCount "64"]
[EventDate "2021.11.20"]
[EventRounds "9"]
[EventCountry "CZE"]

1. e4 c5 2. Nf3 Nc6 3. d3 g6 4. g3 Bg7 5. Bg2 d6 6. O-O e5 7. c3 Nge7 8. Re1
O-O 9. Nbd2 h6 10. h3 Be6 11. g4 Rc8 12. Nf1 d5 13. Ng3 Qc7 14. Qe2 Rfe8 15.
Rf1 a6 16. Nh1 b5 17. Nxe5 Nxe5 18. f4 dxe4 19. Bxe4 Nd7 20. f5 gxf5 21. gxf5
Nxf5 22. Bf4 Qb6 23. Qg2 Kh8 24. Kh2 Rg8 25. Qd2 Ne5 26. Ng3 Nxg3 27. Kxg3 f5
28. Kf2 Ng6 29. Bxh6 fxe4 30. Rg1 Rgf8+ 31. Ke1 Bf5 32. Qg5 Kh7  0-1

[Event "Brno Open 2021 - C FIDE open"]
[Site "Bobycentrum hotel, Brno"]
[Date "2021.11.23"]
[Round "5"]
[Board "8"]
[White "GURACK, Daniel"]
[Black "OCHEDZAN, Filip"]
[Result "1-0"]
[WhiteElo "2076"]
[BlackElo "1685"]
[PlyCount "109"]
[EventDate "2021.11.20"]
[EventRounds "9"]
[EventCountry "CZE"]

1. e4 c5 2. b3 g6 3. Bb2 Nf6 4. Bc4 d6 5. Nc3 Bg7 6. d3 Nbd7 7. Nge2 a6 8. a4
Nb6 9. a5 Nxc4 10. bxc4 b5 11. axb6 Qxb6 12. Rb1 Qd8 13. O-O e6 14. Na4 O-O 15.
e5 Ng4 16. exd6 Bxb2 17. Rxb2 Qxd6 18. Ng3 f5 19. Qd2 Bd7 20. Ra2 Rfb8 21. h3
Ne5 22. Qe3 Bxa4 23. Rxa4 Nf7 24. Qc1 Rb6 25. Ra5 Ne5 26. Qa3 Nd7 27. Qa1 Ne5
28. Qa3 Nd7 29. Ne2 Qc6 30. Ra1 g5 31. Nc1 Qd6 32. Nb3 Rc6 33. Qc1 Qf4 34. Qe3
Qxe3 35. fxe3 Kf7 36. Kf2 e5 37. Ke2 h5 38. Nd2 Kg6 39. Nb1 f4 40. Nc3 Kf5 41.
Nd5 Ke6 42. Kf3 Nf6 43. Nxf6 Kxf6 44. Ke4 Ke6 45. h4 fxe3 46. hxg5 e2 47. Ke3
Kf5 48. Kxe2 Kxg5 49. Ke3 Kg4 50. Ke4 Kg3 51. c3 Kxg2 52. R5a2+ Kh3 53. Rh1+
Kg3 54. Rhh2 Rf8 55. Rag2#  1-0

[Event "Brno Open 2021 - C FIDE open"]
[Site "Bobycentrum hotel, Brno"]
[Date "2021.11.23"]
[Round "5"]
[Board "9"]
[White "SEPSI, Jakub"]
[Black "JANOUS, Petr"]
[Result "0-1"]
[WhiteElo "1553"]
[BlackElo "1979"]
[PlyCount "66"]
[EventDate "2021.11.20"]
[EventRounds "9"]
[EventCountry "CZE"]

1. e4 e5 2. Nf3 Nf6 3. Nxe5 d6 4. Nf3 Nxe4 5. d3 Nf6 6. Be2 Bf5 7. Bg5 Be7 8.
Nc3 Nc6 9. O-O Qd7 10. Qd2 O-O-O 11. a3 h6 12. Be3 g5 13. b4 Kb8 14. Na2 Nd5
15. b5 Ne5 16. Nd4 Nxe3 17. fxe3 Bg6 18. c4 d5 19. Nb4 dxc4 20. dxc4 Bc5 21.
Rfd1 Be4 22. Qb2 Qe7 23. Rac1 g4 24. Ra1 Rhg8 25. Qb3 Qh4 26. Nbc6+ bxc6 27.
bxc6+ Bb6 28. c5 Nf3+ 29. Nxf3 gxf3 30. Rxd8+ Rxd8 31. cxb6 axb6 32. Bxf3 Bxf3
33. gxf3 Rd2  0-1

[Event "Brno Open 2021 - C FIDE open"]
[Site "Bobycentrum hotel, Brno"]
[Date "2021.11.23"]
[Round "5"]
[Board "10"]
[White "KIEVELITZ, Bernd"]
[Black "SALERNO, Christian"]
[Result "0-1"]
[WhiteElo "1769"]
[BlackElo "2048"]
[PlyCount "66"]
[EventDate "2021.11.20"]
[EventRounds "9"]
[EventCountry "CZE"]

1. Nf3 d5 2. d4 Nf6 3. c4 c6 4. Qb3 dxc4 5. Qxc4 Bf5 6. g3 e6 7. Bg2 Be7 8. O-O
O-O 9. Nc3 Nbd7 10. Qb3 Qb6 11. Qd1 h6 12. e3 Rfd8 13. Qe2 Rac8 14. b3 Qc7 15.
Bb2 b5 16. Rac1 b4 17. Na4 Qa5 18. Rfd1 Nb6 19. Ne5 Nxa4 20. bxa4 Qxa4 21. Nxc6
Rxc6 22. Rxc6 Bg4 23. Bf3 Qxc6 24. Bxg4 Nxg4 25. Qxg4 Qc2 26. Ba1 Bf6 27. Kf1
Qxa2 28. Qe2 Qd5 29. e4 Qb7 30. f3 a5 31. Qc4 Rc8 32. Qb3 Qb5+ 33. Kf2 a4  0-1

[Event "Brno Open 2021 - C FIDE open"]
[Site "Bobycentrum hotel, Brno"]
[Date "2021.11.24"]
[Round "6"]
[Board "1"]
[White "SVOBODOVA, Michaela"]
[Black "BARAK, David"]
[Result "1/2-1/2"]
[WhiteElo "1934"]
[BlackElo "2097"]
[PlyCount "103"]
[EventDate "2021.11.20"]
[EventRounds "9"]
[EventCountry "CZE"]

1. e4 c5 2. Nf3 a6 3. c4 e6 4. Nc3 Qc7 5. d4 cxd4 6. Nxd4 Nf6 7. Be2 Bb4 8. Qd3
b6 9. Bd2 Bb7 10. Bf3 O-O 11. O-O Nc6 12. Nxc6 Bxc6 13. Rac1 Be7 14. Rfe1 d6
15. Nd5 exd5 16. cxd5 Bb5 17. Rxc7 Bxd3 18. Rxe7 Rfe8 19. Rb7 Nxe4 20. Bxe4
Rxe4 21. Rxe4 Bxe4 22. Rxb6 Bxd5 23. a3 h6 24. Rxd6 Bc4 25. h4 Rc8 26. Kh2 Bb5
27. Bc3 Rc6 28. Rd8+ Kh7 29. Rf8 Bc4 30. Re8 Bb3 31. Re3 Bc4 32. g4 Re6 33. Rf3
Re4 34. Rg3 Be6 35. f3 Re2+ 36. Kg1 Kg8 37. f4 Re4 38. f5 Bc4 39. h5 Be2 40. g5
hxg5 41. Rxg5 Rg4+ 42. Rxg4 Bxg4 43. f6 Bxh5 44. fxg7 f5 45. Kf2 f4 46. b4 Bd1
47. Ke1 Ba4 48. Ke2 Bc6 49. Kd3 f3 50. Ke3 Kf7 51. Bd4 Kg8 52. Kf2  1/2-1/2

[Event "Brno Open 2021 - C FIDE open"]
[Site "Bobycentrum hotel, Brno"]
[Date "2021.11.24"]
[Round "6"]
[Board "2"]
[White "SHARON, Rafael"]
[Black "JIRES, Jiri"]
[Result "1/2-1/2"]
[WhiteElo "1810"]
[BlackElo "2153"]
[PlyCount "59"]
[EventDate "2021.11.20"]
[EventRounds "9"]
[EventCountry "CZE"]

1. e4 e5 2. Nf3 Nc6 3. Nc3 Nf6 4. d4 exd4 5. Nxd4 Bb4 6. Nxc6 bxc6 7. Bd3 d5 8.
exd5 cxd5 9. O-O O-O 10. Bg5 c6 11. Na4 Bd6 12. c4 Bg4 13. Qc2 h6 14. Bh4 d4
15. Bf5 Bxf5 16. Qxf5 Qd7 17. Qxd7 Nxd7 18. Rad1 Nc5 19. Nxc5 Bxc5 20. b4 Bxb4
21. Rxd4 f5 22. Bg3 c5 23. Rd5 f4 24. Bh4 g5 25. Bxg5 hxg5 26. Rxg5+ Kf7 27. h4
Ke6 28. a3 Bxa3 29. Re1+ Kf6 30. Ree5  1/2-1/2

[Event "Brno Open 2021 - C FIDE open"]
[Site "Bobycentrum hotel, Brno"]
[Date "2021.11.24"]
[Round "6"]
[Board "3"]
[White "JANOUS, Petr"]
[Black "BOKHNAK, Timofey"]
[Result "0-1"]
[WhiteElo "1979"]
[BlackElo "1855"]
[PlyCount "106"]
[EventDate "2021.11.20"]
[EventRounds "9"]
[EventCountry "CZE"]

1. e4 c5 2. c3 Nf6 3. e5 Nd5 4. d4 cxd4 5. Nf3 Nc6 6. cxd4 d6 7. Bc4 e6 8. O-O
Be7 9. a3 O-O 10. Qe2 Qb6 11. Rd1 Na5 12. Nbd2 Bd7 13. exd6 Bxd6 14. Ne5 Ba4
15. Re1 Qxd4 16. Ndf3 Qb6 17. b4 Nxc4 18. Nxc4 Qa6 19. Nxd6 Qxd6 20. Bb2 Nf4
21. Qe5 Qxe5 22. Nxe5 f6 23. g3 Nd5 24. Nc4 e5 25. Nd6 b6 26. Rac1 Rfd8 27. Ne4
Rac8 28. Nc3 Nxc3 29. Rxc3 Rxc3 30. Bxc3 Kf7 31. Rc1 Ke6 32. Kf1 Rd3 33. Ke2
Bb5 34. Ke1 Kd5 35. Rd1 Kc4 36. Rxd3 Kxd3 37. Bd2 Kc2 38. f4 e4 39. Be3 Kb2 40.
Kd2 Kxa3 41. Kc3 Bd3 42. g4 Ka4 43. h4 a5 44. Bxb6 axb4+ 45. Kb2 Kb5 46. Be3
Kc4 47. g5 f5 48. Bb6 Be2 49. Kc2 b3+ 50. Kc1 Kd3 51. Bc5 e3 52. Bb6 Bf3 53.
Bc5 Kc3  0-1

[Event "Brno Open 2021 - C FIDE open"]
[Site "Bobycentrum hotel, Brno"]
[Date "2021.11.24"]
[Round "6"]
[Board "4"]
[White "NEZVAL, Filip"]
[Black "GURACK, Daniel"]
[Result "0-1"]
[WhiteElo "2158"]
[BlackElo "2076"]
[PlyCount "130"]
[EventDate "2021.11.20"]
[EventRounds "9"]
[EventCountry "CZE"]

1. d4 d5 2. c4 e6 3. Nc3 Nf6 4. cxd5 exd5 5. Bg5 c6 6. e3 h6 7. Bh4 Be7 8. Bd3
Nbd7 9. Qc2 Nh5 10. Bxe7 Qxe7 11. Nge2 Nb6 12. h3 Bd7 13. a3 Nc8 14. O-O Nd6
15. b4 O-O 16. b5 Rfe8 17. bxc6 bxc6 18. Na4 Qh4 19. Kh2 Nf6 20. Nc5 Bxh3 21.
gxh3 Ng4+ 22. Kg2 Nxe3+ 23. fxe3 Rxe3 24. Rf3 Rxf3 25. Kxf3 Qxh3+ 26. Ng3 f5
27. Qf2 Re8 28. Rh1 Qg4+ 29. Kg2 f4 30. Qf3 Qxg3+ 31. Qxg3 fxg3 32. Kxg3 Nb5
33. Bxb5 cxb5 34. Rb1 a6 35. Rb3 Ra8 36. Kf4 Re8 37. Kf3 Ra8 38. Re3 a5 39. Re7
b4 40. a4 Rb8 41. Nb3 Rc8 42. Kf4 Rf8+ 43. Ke5 Rf3 44. Nxa5 Re3+ 45. Kd6 Rxe7
46. Kxe7 h5 47. Nb3 h4 48. a5 h3 49. a6 h2 50. a7 h1=Q 51. a8=Q+ Kh7 52. Qa2
Qh6 53. Qc2+ g6 54. Kd6 Qh5 55. Nc5 Qf3 56. Qh2+ Kg8 57. Qc2 Kh7 58. Qh2+ Kg8
59. Ne6 b3 60. Qe5 Qf7 61. Qxd5 b2 62. Qb3 Qf2 63. Qb7 Qh2+ 64. Nf4 Qxf4+ 65.
Ke6 Qf5+  0-1

[Event "Brno Open 2021 - C FIDE open"]
[Site "Bobycentrum hotel, Brno"]
[Date "2021.11.24"]
[Round "6"]
[Board "5"]
[White "STANCIK, Jakub"]
[Black "THUESEN, Mogens"]
[Result "1-0"]
[WhiteElo "2079"]
[BlackElo "2188"]
[PlyCount "83"]
[EventDate "2021.11.20"]
[EventRounds "9"]
[EventCountry "CZE"]

1. e4 c5 2. Nf3 e6 3. d4 cxd4 4. Nxd4 Nf6 5. Nc3 Nc6 6. Ndb5 d6 7. Bf4 e5 8.
Bg5 a6 9. Na3 Be6 10. Nc4 Rc8 11. Bd3 Be7 12. Bxf6 Bxf6 13. Ne3 O-O 14. O-O Bg5
15. Ned5 Nd4 16. a4 Kh8 17. a5 f5 18. exf5 Nxf5 19. Ra4 Nd4 20. Be4 Qe8 21. Rb4
Qf7 22. f3 Rc5 23. f4 Bd8 24. fxe5 Qxf1+ 25. Qxf1 Rxf1+ 26. Kxf1 dxe5 27. Rxb7
Bxa5 28. b4 Bxb4 29. Rxb4 g6 30. Rb7 Nxc2 31. Nf6 Bg8 32. Bxc2 Rxc3 33. Be4
Rc1+ 34. Ke2 Rc5 35. Rb8 Kg7 36. Nxg8 Rc7 37. Rb7 Rxb7 38. Bxb7 Kxg8 39. Bxa6
Kg7 40. Ke3 Kf6 41. Ke4 h5 42. Bb5  1-0

[Event "Brno Open 2021 - C FIDE open"]
[Site "Bobycentrum hotel, Brno"]
[Date "2021.11.24"]
[Round "6"]
[Board "6"]
[White "MOSKVIN, Anatoly"]
[Black "SZKOLUDEK, Sebastian"]
[Result "0-1"]
[WhiteElo "2201"]
[BlackElo "1916"]
[PlyCount "58"]
[EventDate "2021.11.20"]
[EventRounds "9"]
[EventCountry "CZE"]

1. e4 e6 2. Nf3 d5 3. e5 Bd7 4. a3 f6 5. exf6 Nxf6 6. d4 c5 7. dxc5 Bxc5 8. Bd3
O-O 9. O-O Nc6 10. b4 Bd6 11. Re1 a6 12. c4 Qc7 13. Bb2 dxc4 14. Bxc4 Ng4 15.
Qb3 Bxh2+ 16. Kf1 Kh8 17. Nbd2 Be5 18. Re4 Bxb2 19. Qxb2 e5 20. Rc1 Qd6 21. Ke1
Bf5 22. Re2 b5 23. Ba2 Bd3 24. Ne4 Qh6 25. Neg5 Bxe2 26. Qxe2 Nd4 27. Nxd4 Qxg5
28. Rc5 Rxf2 29. Qd3 Rxa2  0-1

[Event "Brno Open 2021 - C FIDE open"]
[Site "Bobycentrum hotel, Brno"]
[Date "2021.11.24"]
[Round "6"]
[Board "7"]
[White "TAJOVSKY, Matej"]
[Black "ZUZIAK, Petr"]
[Result "1-0"]
[WhiteElo "2113"]
[BlackElo "1781"]
[PlyCount "105"]
[EventDate "2021.11.20"]
[EventRounds "9"]
[EventCountry "CZE"]

1. e4 e5 2. Nf3 Nc6 3. Nc3 Nf6 4. Bb5 Bb4 5. O-O O-O 6. d3 d6 7. Bg5 Bxc3 8.
bxc3 h6 9. Bh4 Bg4 10. h3 Bh5 11. g4 Bg6 12. Nh2 d5 13. f4 Qd6 14. Bxc6 bxc6
15. f5 Bh7 16. Bxf6 Qxf6 17. Nf3 g5 18. Re1 Rfe8 19. Qd2 Qd6 20. Kg2 f6 21. h4
Re7 22. hxg5 hxg5 23. Qe3 Kf8 24. Rh1 Bg8 25. Rh6 Rg7 26. Kf2 c5 27. d4 exd4
28. cxd4 dxe4 29. Qxe4 Re8 30. dxc5 Rxe4 31. cxd6 cxd6 32. Rxf6+ Ke7 33. Rh6
Rf4 34. Kg3 Bd5 35. Nxg5 Rxf5 36. gxf5 Rxg5+ 37. Kf4 Rg2 38. Re1+ Kd7 39. Rh7+
Kc6 40. Rxa7 Rxc2 41. a3 Rf2+ 42. Kg5 Rg2+ 43. Kf6 Bc4 44. Rc1 d5 45. Kf7 Kd6
46. f6 Ke5 47. Ke7 Re2 48. f7 Kd4+ 49. Kd6 Rf2 50. Rg1 Rf6+ 51. Ke7 Ke5 52.
Re1+ Kf5 53. f8=Q  1-0

[Event "Brno Open 2021 - C FIDE open"]
[Site "Bobycentrum hotel, Brno"]
[Date "2021.11.24"]
[Round "6"]
[Board "8"]
[White "SALERNO, Christian"]
[Black "MORKUNAS, Gustas"]
[Result "1-0"]
[WhiteElo "2048"]
[BlackElo "1907"]
[PlyCount "139"]
[EventDate "2021.11.20"]
[EventRounds "9"]
[EventCountry "CZE"]

1. d4 Nf6 2. Nc3 d5 3. Bf4 g6 4. e3 Bg7 5. h4 h5 6. Be2 O-O 7. Nf3 c5 8. Nb5
Na6 9. c3 Bd7 10. a4 cxd4 11. exd4 Bg4 12. Ne5 Bxe2 13. Qxe2 Nb8 14. O-O Nbd7
15. Rfe1 e6 16. Nd6 Qe7 17. Nd3 b6 18. Nb4 Ne4 19. Nxe4 dxe4 20. g3 f5 21. a5
e5 22. Nc6 Qe6 23. Nxe5 Bxe5 24. Bxe5 Nxe5 25. dxe5 Qxe5 26. Qc4+ Kh8 27. axb6
axb6 28. Rxa8 Rxa8 29. Qc6 Rg8 30. Qxb6 Kh7 31. Ra1 Rg7 32. Qd8 Rb7 33. Ra8 Qg7
34. Qd2 Rd7 35. Qe3 Qf7 36. Ra4 Qb3 37. Rb4 Qd1+ 38. Kg2 Rf7 39. Rd4 Qb3 40.
Rd2 Qe6 41. Qf4 Qc6 42. Kh2 Qb6 43. b4 Qc6 44. Qe5 Qb6 45. b5 Qa5 46. Qd5 Rg7
47. c4 Qc3 48. Qd4 Qb4 49. b6 f4 50. c5 Qb1 51. gxf4 e3 52. fxe3 Qe1 53. Kh3
Qh1+ 54. Kg3 Qg1+ 55. Rg2 Qe1+ 56. Kf3 Qf1+ 57. Rf2 Qh3+ 58. Ke2 Qg4+ 59. Rf3
Qg2+ 60. Rf2 Qg4+ 61. Ke1 Qg1+ 62. Rf1 Qg3+ 63. Kd1 Qg4+ 64. Kc1 Rd7 65. Qc3
Qe2 66. Re1 Qa6 67. c6 Rd3 68. Qb4 Qa2 69. c7 Qe6 70. Qc5  1-0

[Event "Brno Open 2021 - C FIDE open"]
[Site "Bobycentrum hotel, Brno"]
[Date "2021.11.24"]
[Round "6"]
[Board "10"]
[White "OCHEDZAN, Filip"]
[Black "BENES, Miroslav"]
[Result "1/2-1/2"]
[WhiteElo "1685"]
[BlackElo "1988"]
[PlyCount "68"]
[EventDate "2021.11.20"]
[EventRounds "9"]
[EventCountry "CZE"]

1. e4 c5 2. Nf3 Nc6 3. d4 cxd4 4. Nxd4 e5 5. Nb5 d6 6. N5c3 Be7 7. Nd5 Nf6 8.
Nbc3 O-O 9. Be2 Be6 10. Be3 h6 11. O-O Rc8 12. Qd2 Re8 13. f3 Nh7 14. Nxe7+
Rxe7 15. Nd5 Rd7 16. c4 b6 17. b4 Nf8 18. a3 Ne7 19. Rac1 f5 20. exf5 Nxf5 21.
Bd3 Nxe3 22. Qxe3 Bxd5 23. cxd5 Rdc7 24. Bf5 Rxc1 25. Rxc1 Rxc1+ 26. Qxc1 Qh4
27. Be4 Qf6 28. Qc7 Qf4 29. Qxa7 Qe3+ 30. Kf1 Qc1+ 31. Kf2 Qd2+ 32. Kf1 Qd1+
33. Kf2 Qd2+ 34. Kf1 Qd1+  1/2-1/2

[Event "Brno Open 2021 - C FIDE open"]
[Site "Bobycentrum hotel, Brno"]
[Date "2021.11.25"]
[Round "7"]
[Board "1"]
[White "GURACK, Daniel"]
[Black "SVOBODOVA, Michaela"]
[Result "0-1"]
[WhiteElo "2076"]
[BlackElo "1934"]
[PlyCount "88"]
[EventDate "2021.11.20"]
[EventRounds "9"]
[EventCountry "CZE"]

1. e4 c5 2. Nf3 e6 3. d4 cxd4 4. Nxd4 a6 5. Nc3 Qc7 6. Bd3 Nf6 7. O-O Nc6 8.
Nb3 Be7 9. Qe2 O-O 10. f4 d6 11. Bd2 b5 12. Rae1 b4 13. Nd1 a5 14. e5 Nd5 15.
Bxh7+ Kxh7 16. Qh5+ Kg8 17. Rf3 f5 18. Rh3 Nf6 19. exf6 Bxf6 20. Ne3 Bd7 21.
Kh1 Be8 22. Qh7+ Kf7 23. Rh6 Ne7 24. c3 Bc6 25. Rxf6+ Kxf6 26. Qh4+ Kf7 27.
Qh5+ Kg8 28. cxb4 axb4 29. Nd4 Bd7 30. Bxb4 Nc6 31. Nxc6 Bxc6 32. a3 Bb7 33.
Bc3 Qf7 34. Qg5 Rae8 35. Nc4 Rd8 36. Rxe6 Rd7 37. Rg6 Qe7 38. Qxe7 Rxe7 39.
Nxd6 Kh7 40. Rg3 Rd8 41. Be5 Rxd6 42. h3 Rd2 43. a4 Red7 44. a5 Rxg2  0-1

[Event "Brno Open 2021 - C FIDE open"]
[Site "Bobycentrum hotel, Brno"]
[Date "2021.11.25"]
[Round "7"]
[Board "3"]
[White "JIRES, Jiri"]
[Black "STANCIK, Jakub"]
[Result "1-0"]
[WhiteElo "2153"]
[BlackElo "2079"]
[PlyCount "67"]
[EventDate "2021.11.20"]
[EventRounds "9"]
[EventCountry "CZE"]

1. e4 c5 2. Nc3 Nc6 3. Bb5 g6 4. Bxc6 dxc6 5. d3 Bg7 6. Be3 Qa5 7. Nge2 Nf6 8.
f3 e5 9. Nc1 b6 10. Qd2 Be6 11. b3 Nh5 12. O-O f5 13. N1e2 Nf4 14. Rae1 O-O-O
15. Qc1 Nxe2+ 16. Nxe2 Qxa2 17. Qd2 Qa6 18. Ra1 Qb7 19. b4 c4 20. Qc3 fxe4 21.
fxe4 Rhf8 22. Rfb1 Rd7 23. Ra4 Kb8 24. Rba1 Rdf7 25. h3 Rd7 26. Ra6 Rfd8 27.
Nc1 Rd4 28. Qa3 R8d7 29. Ne2 Rxd3 30. cxd3 Rxd3 31. Rxa7 Rxa3 32. Rxb7+ Kxb7
33. Rxa3 Bf8 34. Bd2  1-0

[Event "Brno Open 2021 - C FIDE open"]
[Site "Bobycentrum hotel, Brno"]
[Date "2021.11.25"]
[Round "7"]
[Board "4"]
[White "BARAK, David"]
[Black "SALERNO, Christian"]
[Result "1-0"]
[WhiteElo "2097"]
[BlackElo "2048"]
[PlyCount "79"]
[EventDate "2021.11.20"]
[EventRounds "9"]
[EventCountry "CZE"]

1. d4 Nf6 2. Nf3 g6 3. c4 c5 4. d5 b5 5. cxb5 a6 6. bxa6 Bxa6 7. Nc3 d6 8. e4
Bxf1 9. Kxf1 Bg7 10. g3 O-O 11. Kg2 Nbd7 12. a4 Qb6 13. Qc2 Rfb8 14. Nd2 Qb4
15. Ra3 c4 16. Na2 Qc5 17. Qxc4 Qxc4 18. Nxc4 Nxe4 19. Re1 Nec5 20. Rxe7 Bf6
21. Re2 Rxa4 22. Rxa4 Nxa4 23. Nxd6 Nxb2 24. Ne4 Bg7 25. Bf4 Ra8 26. Nb4 Nc4
27. Nc6 Ncb6 28. Rd2 h6 29. h4 f5 30. Nd6 Nf6 31. Ne7+ Kh7 32. Nb5 Bf8 33. Nc7
Bxe7 34. Nxa8 Nxa8 35. d6 Bd8 36. Be3 Nb6 37. Ra2 Nbd7 38. Ra7 Kg7 39. Kf3 h5
40. Bg5  1-0

[Event "Brno Open 2021 - C FIDE open"]
[Site "Bobycentrum hotel, Brno"]
[Date "2021.11.25"]
[Round "7"]
[Board "5"]
[White "SZKOLUDEK, Sebastian"]
[Black "TAJOVSKY, Matej"]
[Result "1-0"]
[WhiteElo "1916"]
[BlackElo "2113"]
[PlyCount "59"]
[EventDate "2021.11.20"]
[EventRounds "9"]
[EventCountry "CZE"]

1. Nf3 d5 2. c4 c6 3. d4 Nf6 4. e3 Bg4 5. Be2 e6 6. O-O Nbd7 7. b3 Bd6 8. Bb2
O-O 9. Nbd2 Qe7 10. h3 Bxf3 11. Nxf3 Ne4 12. Qc2 f5 13. Ne5 Rf6 14. Bd3 Raf8
15. f3 Ng3 16. Rfe1 Rh6 17. Kh2 Nh5 18. Rf1 Qg5 19. Qf2 f4 20. e4 Nxe5 21. dxe5
Bxe5 22. Bxe5 Qxe5 23. exd5 cxd5 24. cxd5 exd5 25. Rfe1 Qd6 26. Qxa7 Qd7 27.
Qd4 Ng3 28. Re5 Nf5 29. Rxd5 Qc8 30. Bxf5  1-0

[Event "Brno Open 2021 - C FIDE open"]
[Site "Bobycentrum hotel, Brno"]
[Date "2021.11.25"]
[Round "7"]
[Board "7"]
[White "STRAPEC, Lukas"]
[Black "JANOUS, Petr"]
[Result "1/2-1/2"]
[WhiteElo "1868"]
[BlackElo "1979"]
[PlyCount "38"]
[EventDate "2021.11.20"]
[EventRounds "9"]
[EventCountry "CZE"]

1. d4 d5 2. c4 c6 3. Nc3 dxc4 4. e3 b5 5. a4 b4 6. Na2 e6 7. Bxc4 a5 8. Nf3 Nf6
9. O-O Ba6 10. Qc2 Qb6 11. b3 Bxc4 12. Qxc4 Nbd7 13. Re1 c5 14. Bb2 Be7 15. Nc1
O-O 16. Nd3 Rfc8 17. dxc5 Nxc5 18. Nxc5 Qxc5 19. Qxc5 Rxc5  1/2-1/2